[Event "NRWEM 2013"]
[Site "?"]
[Date "2013.10.19"]
[Round "1.1"]
[White "Molinaroli, Martin"]
[Black "Meinhardt, Michael"]
[Result "0-1"]
[WhiteElo "2301"]
[BlackElo "2124"]
[PlyCount "100"]
[EventDate "2013.??.??"]

1. b3 c5 2. Bb2 Nc6 3. Nf3 d6 4. e3 e5 5. d4 cxd4 6. exd4 e4 7. d5 exf3 8. Qxf3
Ne5 9. Qg3 Nf6 10. Nc3 Nh5 11. Qe3 Be7 12. f4 Ng4 13. Qf3 O-O 14. f5 Nhf6 15.
O-O-O Ne5 16. Qe2 Bxf5 17. h3 Rc8 18. g4 Bg6 19. g5 Nh5 20. Rg1 Bxg5+ 21. Kb1
Nf4 22. Qf2 Bh5 23. Ne4 Bxd1 24. Nxg5 Bxc2+ 25. Ka1 Nfg6 26. h4 Qf6 27. Qh2 Qf4
28. Qh1 Bd1 29. Bc4 Bf3 30. Qh3 Bg4 31. Qh1 f6 32. Ne6 Bxe6 33. dxe6 Nxc4 34.
bxc4 Qxc4 35. h5 Ne5 36. h6 g6 37. Qh3 Rce8 38. Qh5 Qxe6 39. a3 Kh8 40. Qh1 Qb3
41. Qh4 Rc8 42. Rg3 Qd1+ 43. Ka2 Qd5+ 44. Kb1 Rc4 45. Qh3 Rf4 46. Rc3 Rf3 47.
Qh1 Rd3 48. Qxd5 Rxd5 49. Rc7 Rb5 50. Ka1 Rxb2 0-1

[Event "NRWEM 2013"]
[Site "?"]
[Date "2013.10.19"]
[Round "1.2"]
[White "Brandt, Sebastian"]
[Black "FM Thiel, Thomas"]
[Result "0-1"]
[WhiteElo "2119"]
[BlackElo "2296"]
[PlyCount "66"]
[EventDate "2013.??.??"]

1. e4 c5 2. Nf3 Nc6 3. d4 cxd4 4. Nxd4 Nf6 5. Nc3 e6 6. Nxc6 bxc6 7. e5 Nd5 8.
Ne4 Ba6 9. c4 Bb4+ 10. Bd2 Qh4 11. Qf3 f5 12. exf6 Bxd2+ 13. Nxd2 Nxf6 14. Qa3
Bb7 15. g3 Qd4 16. Bg2 Qe5+ 17. Kf1 Qd4 18. Rd1 Ng4 19. Qf3 Rf8 20. Ne4 Ne3+
21. Ke2 Nxd1 22. Qh5+ g6 23. Qxh7 Nxf2 24. Qxg6+ Kd8 25. Qg5+ Kc8 26. Nc5 Qxb2+
27. Ke3 Nxh1 28. Qe7 Qc1+ 29. Ke4 Nf2+ 30. Ke5 Rf5+ 31. Kd6 Qd2+ 32. Bd5 Qxd5+
33. cxd5 Rxd5# 0-1

[Event "NRWEM 2013"]
[Site "?"]
[Date "2013.10.19"]
[Round "1.3"]
[White "Harff, Marcel"]
[Black "Ringwelski, Marius"]
[Result "1-0"]
[WhiteElo "2291"]
[BlackElo "2090"]
[PlyCount "59"]
[EventDate "2013.??.??"]

1. c4 e5 2. g3 Nf6 3. Bg2 h6 4. Nc3 Bb4 5. Qb3 Qe7 6. a3 Bxc3 7. Bxb7 Bxb7 8.
Qxb7 O-O 9. Qxa8 Nc6 10. Qb7 Rb8 11. Qa6 Ne4 12. Qa4 Nc5 13. Qc2 Bd4 14. Rb1 e4
15. Nh3 Nd3+ 16. Kf1 Qf6 17. f4 exf3 18. Qxd3 fxe2+ 19. Kg2 Re8 20. Re1 Ne5 21.
Qe4 Re7 22. Rxe2 Ng6 23. Qa8+ Kh7 24. Rxe7 Qxe7 25. Qf3 c5 26. d3 Ne5 27. Qe4+
g6 28. Bf4 f5 29. Qe2 Qf6 30. Bxe5 1-0

[Event "NRWEM 2013"]
[Site "?"]
[Date "2013.10.19"]
[Round "1.4"]
[White "Plaßmann, Dominik"]
[Black "Kusnetsov, Mark"]
[Result "1/2-1/2"]
[WhiteElo "2050"]
[BlackElo "2212"]
[PlyCount "112"]
[EventDate "2013.??.??"]

1. e4 e5 2. f4 d5 3. exd5 exf4 4. Nf3 Nf6 5. Bc4 Bd6 6. O-O O-O 7. d4 Nbd7 8.
Bb3 b5 9. a4 bxa4 10. Bxa4 Nb6 11. Bc6 Rb8 12. Nc3 Nc4 13. b3 Ne3 14. Bxe3 fxe3
15. Qd3 Ng4 16. h3 Nh6 17. Qxe3 Nf5 18. Qd2 Ng3 19. Rfe1 Bf5 20. Nb5 Ne4 21.
Qd3 Ng3 22. Qd2 Ne4 23. Qe3 Bg3 24. Rf1 Bg6 25. Nc3 f5 26. Nxe4 fxe4 27. Ng5
Bh4 28. Ne6 Rxf1+ 29. Rxf1 Qd6 30. Qf4 Qxf4 31. Rxf4 Bf6 32. Kf2 h6 33. Ke3 Rb4
34. h4 a5 35. Ba4 Rb7 36. Nc5 Ra7 37. Nxe4 Be7 38. Bd7 Ra8 39. c4 Rb8 40. Bb5
Bxe4 41. Kxe4 Rb6 42. Ba4 Rg6 43. Kf3 Rf6 44. h5 Rxf4+ 45. Kxf4 Bf6 46. Ke4 Kf8
47. c5 Ke7 48. Bb5 Bh4 49. Be2 Bf6 50. Bg4 Bh4 51. Kd3 Bf2 52. Kc4 Be3 53. Kb5
Bxd4 54. d6+ cxd6 55. c6 Kd8 56. Kxa5 Kc7 1/2-1/2

[Event "NRWEM 2013"]
[Site "?"]
[Date "2013.10.19"]
[Round "1.5"]
[White "Frombach, Ralf"]
[Black "Probst, Andreas"]
[Result "0-1"]
[WhiteElo "2211"]
[BlackElo "2028"]
[PlyCount "68"]
[EventDate "2013.??.??"]

1. d4 Nf6 2. c4 g6 3. Nf3 Bg7 4. Nc3 O-O 5. e4 d6 6. Be2 e5 7. Be3 Nc6 8. d5
Ne7 9. Nd2 Ne8 10. O-O f5 11. f3 f4 12. Bf2 h5 13. c5 g5 14. Nc4 Ng6 15. cxd6
cxd6 16. Nb5 a6 17. Nb6 Rb8 18. Na3 Rf7 19. Nac4 Bf8 20. Rc1 Rg7 21. Qa4 g4 22.
Nxc8 Rxc8 23. Nb6 Rxc1 24. Rxc1 g3 25. hxg3 fxg3 26. Be3 Nf4 27. Bxf4 exf4 28.
Qd4 Rc7 29. Rxc7 Qxc7 30. Nc4 b5 31. Nd2 Bg7 32. Qb4 Qb6+ 33. Kh1 Qf2 34. Bxb5
Bd4 0-1

[Event "NRWEM 2013"]
[Site "?"]
[Date "2013.10.19"]
[Round "1.6"]
[White "Fenner, Martin"]
[Black "Messarius, Jürgen"]
[Result "0-1"]
[WhiteElo "1971"]
[BlackElo "2196"]
[PlyCount "108"]
[EventDate "2013.??.??"]

1. e4 c5 2. Nf3 g6 3. d4 cxd4 4. Nxd4 Bg7 5. c4 Nc6 6. Nc2 Nf6 7. Nc3 d6 8. Be2
Bd7 9. O-O O-O 10. Rb1 Rc8 11. Kh1 Ne5 12. Ne3 Bc6 13. Ned5 Bxd5 14. cxd5 a6
15. Be3 b5 16. f3 Nfd7 17. a4 b4 18. Na2 a5 19. Nc1 Nc4 20. Bxc4 Rxc4 21. Nb3
Qa8 22. Qe2 Rfc8 23. Rfc1 Rxc1+ 24. Rxc1 Rxc1+ 25. Bxc1 Qc8 26. Bg5 Qc7 27.
Bxe7 Ne5 28. Bg5 h6 29. Be3 Qc4 30. Qxc4 Nxc4 31. Bc1 Bxb2 32. Nxa5 Nxa5 33.
Bxb2 Nc4 34. Bd4 b3 35. Kg1 Kf8 36. Kf2 b2 37. Bxb2 Nxb2 38. a5 Nd3+ 39. Ke3
Nc5 40. f4 f6 41. a6 Nxa6 42. e5 fxe5 43. fxe5 Ke7 44. Kf4 Nc5 45. exd6+ Kxd6
46. h4 Kxd5 47. h5 Ke6 48. hxg6 Kf6 49. g7 Ne6+ 50. Kg4 Nxg7 51. Kf4 Kg6 52.
Kg4 h5+ 53. Kh4 Nf5+ 54. Kh3 Kg5 0-1

[Event "NRWEM 2013"]
[Site "?"]
[Date "2013.10.19"]
[Round "1.7"]
[White "Albrecht, Oliver"]
[Black "Braun, Oskar"]
[Result "1-0"]
[WhiteElo "2161"]
[BlackElo "1923"]
[PlyCount "43"]
[EventDate "2013.??.??"]

1. d4 d5 2. c4 dxc4 3. Nf3 Nf6 4. e3 e6 5. Bxc4 c5 6. O-O a6 7. Bb3 Nc6 8. Nc3
cxd4 9. exd4 Be7 10. Re1 O-O 11. Bg5 Na5 12. Bc2 b5 13. Qd3 g6 14. Ne5 Bb7 15.
Qh3 Nh5 16. Bh6 Re8 17. Nxf7 Qxd4 18. Rad1 Qf6 19. Nd6 Bxd6 20. Rxd6 Nf4 21.
Bxf4 Qxf4 22. Rd7 1-0

[Event "NRWEM 2013"]
[Site "?"]
[Date "2013.10.19"]
[Round "1.8"]
[White "Kupinski, Mirko"]
[Black "Heinert, Eugen"]
[Result "0-1"]
[WhiteElo "1876"]
[BlackElo "2161"]
[PlyCount "98"]
[EventDate "2013.??.??"]

1. d4 d5 2. Nf3 c5 3. Bf4 Nc6 4. e3 Nf6 5. c4 e6 6. Nc3 a6 7. Ne5 Qb6 8. Nxc6
bxc6 9. Qd2 cxd4 10. exd4 Be7 11. c5 Qa7 12. Na4 Nd7 13. Qe3 O-O 14. Bd3 a5 15.
O-O Ba6 16. Rfd1 Bxd3 17. Rxd3 Bf6 18. Bd6 Rfe8 19. f4 Be7 20. Bxe7 Rxe7 21.
Rb3 Rb8 22. Qc3 Ree8 23. Rxb8 Rxb8 24. b3 Qc7 25. g3 f6 26. Rf1 Re8 27. Qf3 Rf8
28. Qe3 e5 29. fxe5 fxe5 30. Rxf8+ Kxf8 31. Qf2+ Kg8 32. Qf5 exd4 33. Qe6+ Kf8
34. Qf5+ Nf6 35. Nb6 Qe7 36. Qc8+ Kf7 37. Qxc6 d3 38. Nxd5 Qe1+ 39. Kg2 Qe4+
40. Kg1 Qxd5 41. Qxd5+ Nxd5 42. Kf2 Ke6 43. Ke1 Nb4 44. a3 Nc2+ 45. Kd2 Nxa3
46. Kxd3 Kd5 47. c6 Kxc6 48. Kd4 Nb1 49. g4 Nd2 0-1

[Event "NRWEM 2013"]
[Site "?"]
[Date "2013.10.20"]
[Round "2.1"]
[White "FM Thiel, Thomas"]
[Black "Albrecht, Oliver"]
[Result "1-0"]
[WhiteElo "2296"]
[BlackElo "2161"]
[PlyCount "73"]
[EventDate "2013.??.??"]

1. e4 e5 2. Nf3 Nf6 3. Nxe5 d6 4. Nf3 Nxe4 5. Bd3 Nf6 6. O-O Be7 7. h3 O-O 8.
c3 d5 9. Bc2 Re8 10. d4 Nbd7 11. Re1 Bd6 12. Rxe8+ Qxe8 13. Nbd2 Nf8 14. Nf1
Ne4 15. Ne3 c6 16. c4 Nf6 17. cxd5 Nxd5 18. Nxd5 cxd5 19. Bb3 Be6 20. Ng5 Qd7
21. Be3 Be7 22. Qf3 Bf6 23. Nxe6 fxe6 24. g4 Rc8 25. g5 Bd8 26. h4 Bb6 27. Kg2
Qf7 28. Qg4 Rc6 29. h5 Bd8 30. Rh1 Be7 31. Rh3 Bd6 32. Rf3 Qc7 33. g6 hxg6 34.
hxg6 Qc8 35. Qh5 Qe8 36. Rxf8+ Kxf8 37. Bg5 1-0

[Event "NRWEM 2013"]
[Site "?"]
[Date "2013.10.20"]
[Round "2.2"]
[White "Meinhardt, Michael"]
[Black "Harff, Marcel"]
[Result "1/2-1/2"]
[WhiteElo "2124"]
[BlackElo "2291"]
[PlyCount "43"]
[EventDate "2013.??.??"]

1. e4 e6 2. d3 d5 3. Nd2 Nf6 4. Ngf3 c5 5. g3 Nc6 6. Bg2 Be7 7. O-O O-O 8. e5
Nd7 9. Re1 f6 10. exf6 Bxf6 11. Nf1 b5 12. h4 h6 13. N1h2 Nb6 14. Ng4 a5 15.
Nfe5 Nxe5 16. Nxe5 Ra6 17. Bf4 Nd7 18. Qd2 Nxe5 19. Bxe5 d4 20. Re2 Qd7 21.
Rae1 Bb7 22. Bxb7 1/2-1/2

[Event "NRWEM 2013"]
[Site "?"]
[Date "2013.10.20"]
[Round "2.3"]
[White "Messarius, Jürgen"]
[Black "Probst, Andreas"]
[Result "0-1"]
[WhiteElo "2196"]
[BlackElo "2028"]
[PlyCount "142"]
[EventDate "2013.??.??"]

1. e4 c5 2. Nf3 e6 3. d4 cxd4 4. Nxd4 a6 5. Bd3 Nf6 6. O-O d6 7. Kh1 Be7 8. Be3
b6 9. c4 Bb7 10. Nc3 Nbd7 11. f3 Qc7 12. Rc1 O-O 13. b3 Rac8 14. Bb1 Rfe8 15.
Qe1 Qb8 16. g4 g6 17. Qf2 Bd8 18. Nde2 Bc7 19. Rcd1 Ba8 20. Bd4 b5 21. cxb5
axb5 22. Qh4 e5 23. Be3 b4 24. Nd5 Nxd5 25. exd5 Bd8 26. Qh6 Be7 27. Ng3 Bf8
28. Qh4 Rc7 29. Ne4 Qd8 30. Bg5 Be7 31. Bxe7 Qxe7 32. g5 Rec8 33. Rg1 Qf8 34.
f4 exf4 35. Qxf4 Ne5 36. Rgf1 Rd8 37. Nf6+ Kh8 38. Qh4 Qg7 39. Qxb4 h5 40. Rc1
Rxc1 41. Rxc1 Ng4 42. Qb6 Qf8 43. Qd4 Nxf6 44. Qxf6+ Kg8 45. Rd1 Qe8 46. b4 Rc8
47. Qd4 Qe2 48. a3 Re8 49. Qd3 Qg4 50. Rg1 Qf4 51. Ba2 Qf2 52. Bc4 Re3 53. Rf1
Re1 54. Rxe1 Qxe1+ 55. Kg2 Qh4 56. h3 Qxg5+ 57. Kf2 Bb7 58. b5 Qf4+ 59. Ke2 Bc8
60. b6 Qh2+ 61. Kd1 Qg1+ 62. Kd2 Qxb6 63. Kc3 Qa5+ 64. Kb3 Bd7 65. Qe3 Qa4+ 66.
Kb2 Qxc4 67. Qa7 Qb5+ 68. Kc3 Bxh3 69. Qa8+ Kg7 70. a4 Qc5+ 71. Kb3 Bg2 0-1

[Event "NRWEM 2013"]
[Site "?"]
[Date "2013.10.21"]
[Round "?"]
[White "Kusnetsov, Mark"]
[Black "Molinaroli, Martin"]
[Result "1-0"]
[WhiteElo "2212"]
[BlackElo "2301"]
[PlyCount "41"]
[EventDate "2013.??.??"]

1. e4 b6 2. d4 e6 3. Nf3 Bb7 4. Bd3 c5 5. c3 Nf6 6. Qe2 cxd4 7. cxd4 Nc6 8. a3
Be7 9. Nc3 O-O 10. O-O d6 11. Rd1 Re8 12. h3 Bf8 13. e5 Nd7 14. Bxh7+ Kxh7 15.
Ng5+ Kg6 16. Qe4+ f5 17. exf6+ Kxf6 18. Rd3 Nce5 19. dxe5+ Nxe5 20. Qxb7 Nxd3
21. Qf3+ 1-0

[Event "NRWEM 2013"]
[Site "?"]
[Date "2013.10.20"]
[Round "2.5"]
[White "Frombach, Ralf"]
[Black "Plaßmann, Dominik"]
[Result "0-1"]
[WhiteElo "2211"]
[BlackElo "2050"]
[PlyCount "76"]
[EventDate "2013.??.??"]

1. d4 e6 2. c4 f5 3. Nc3 Bb4 4. Qb3 Bxc3+ 5. Qxc3 Nf6 6. g3 Ne4 7. Qc2 b6 8.
Bg2 Bb7 9. Nf3 O-O 10. Ng5 Qf6 11. Be3 d5 12. Nxe4 dxe4 13. O-O-O Nd7 14. Kb1
Rfd8 15. g4 f4 16. Bc1 f3 17. exf3 exf3 18. Bf1 e5 19. Bd3 g6 20. h4 Re8 21.
Bg5 Qg7 22. c5 Bd5 23. c6 Nf6 24. h5 e4 25. Bc4 Bxc4 26. Qxc4+ Qf7 27. Qxf7+
Kxf7 28. hxg6+ hxg6 29. Bxf6 Kxf6 30. Rh7 e3 31. fxe3 Rxe3 32. Kc1 Rae8 33. Rh2
Kg5 34. d5 Kxg4 35. d6 cxd6 36. Rxd6 Kg3 37. Rhd2 g5 38. c7 Rc8 0-1

[Event "NRWEM 2013"]
[Site "?"]
[Date "2013.10.20"]
[Round "2.6"]
[White "Braun, Oskar"]
[Black "Brandt, Sebastian"]
[Result "1-0"]
[WhiteElo "1923"]
[BlackElo "2119"]
[PlyCount "69"]
[EventDate "2013.??.??"]

1. d4 Nf6 2. c4 a6 3. Nf3 b5 4. Nc3 c6 5. e3 d5 6. c5 Bg4 7. a4 b4 8. Ne2 Nbd7
9. a5 e5 10. Qa4 Qc7 11. Qxb4 Ne4 12. Nd2 Rb8 13. Qa3 Ndxc5 14. dxc5 Nxc5 15.
Qc3 Ne4 16. Qc2 Bb4 17. f3 Nf6 18. Nc3 Be6 19. Bd3 O-O 20. O-O Rfd8 21. Rd1
Bxa5 22. Bf5 d4 23. exd4 exd4 24. Nce4 Qf4 25. Nxf6+ gxf6 26. Rxa5 d3 27. Qc3
Qe3+ 28. Kh1 Qe2 29. Rg1 Kg7 30. Ne4 Bd5 31. Qxf6+ Kf8 32. Bh6+ Ke8 33. Qe5+
Be6 34. Bxe6 fxe6 35. Qxe6# 1-0

[Event "NRWEM 2013"]
[Site "?"]
[Date "2013.10.20"]
[Round "2.7"]
[White "Ringwelski, Marius"]
[Black "Fenner, Martin"]
[Result "0-1"]
[WhiteElo "2090"]
[BlackElo "1971"]
[PlyCount "50"]
[EventDate "2013.??.??"]

1. e4 e6 2. d4 d5 3. Nc3 Nc6 4. e5 f6 5. Bb5 Bd7 6. Nf3 Qe7 7. O-O Qf7 8. Rb1
Nge7 9. b4 Ng6 10. Bxc6 Bxc6 11. b5 Bd7 12. Re1 Be7 13. exf6 gxf6 14. Bh6 O-O-O
15. a4 Kb8 16. Qe2 Bd6 17. a5 Rhg8 18. b6 cxb6 19. a6 Bf4 20. axb7 Bc6 21. Qxe6
Qc7 22. Bxf4 Nxf4 23. Qxf6 Rdf8 24. Qe5 Nxg2 25. Qxc7+ Kxc7 0-1

[Event "NRWEM 2013"]
[Site "?"]
[Date "2013.10.21"]
[Round "3.1"]
[White "Probst, Andreas"]
[Black "FM Thiel, Thomas"]
[Result "0-1"]
[WhiteElo "2028"]
[BlackElo "2296"]
[PlyCount "113"]
[EventDate "2013.??.??"]

1. d4 Nf6 2. c4 c6 3. Nf3 d5 4. e3 Bg4 5. Qb3 Qb6 6. Ne5 Bf5 7. Nc3 e6 8. Qxb6
axb6 9. cxd5 exd5 10. f3 Nfd7 11. Nd3 Na6 12. Bd2 Nb4 13. Nxb4 Bxb4 14. a3 b5
15. Rc1 Ba5 16. g4 Be6 17. Ne2 Nb6 18. Bxa5 Rxa5 19. Nf4 Nc4 20. Bxc4 bxc4 21.
Nxe6 fxe6 22. h4 Rb5 23. Rh2 O-O 24. Rf2 Ra8 25. Rc3 Rba5 26. Rfc2 b5 27. Kf2
Rb8 28. Kg3 Ra4 29. Kf4 Kf7 30. Ke5 Ke7 31. f4 Kd7 32. Rf2 Rf8 33. e4 Raa8 34.
exd5 exd5 35. f5 Rae8+ 36. Kf4 Re4+ 37. Kg3 Rxd4 38. Re3 Re8 39. Rxe8 Kxe8 40.
Re2+ Kd7 41. g5 Rd1 42. Kg2 d4 43. f6 gxf6 44. gxf6 d3 45. Re4 d2 46. Rd4+ Ke6
47. Kf2 Rh1 48. Rxd2 Rh2+ 49. Ke3 Rxd2 50. Kxd2 Kxf6 51. Kc3 Kf5 52. Kd4 Kg4
53. Kc5 Kxh4 54. Kxc6 Kg4 55. Kxb5 h5 56. Kxc4 h4 57. Kb5 {[%emt 0:02:04]} 0-1

[Event "NRWEM 2013"]
[Site "?"]
[Date "2013.10.21"]
[Round "3.2"]
[White "Harff, Marcel"]
[Black "Kusnetsov, Mark"]
[Result "1-0"]
[WhiteElo "2291"]
[BlackElo "2212"]
[PlyCount "95"]
[EventDate "2013.??.??"]

1. c4 e5 2. Nc3 Nf6 3. Nf3 Nc6 4. e3 Bb4 5. Qb3 a5 6. a3 Bc5 7. Be2 d6 8. O-O
O-O 9. Rd1 Qe7 10. d4 Bb6 11. Nd5 Nxd5 12. cxd5 a4 13. Qc2 Na5 14. Qxa4 Bd7 15.
Qc2 Qe8 16. a4 exd4 17. Nxd4 c5 18. dxc6 bxc6 19. b4 Nb7 20. a5 Bc7 21. Bf3 d5
22. Bb2 Bd6 23. a6 Nd8 24. b5 cxb5 25. Nf5 Be5 26. Bxd5 Rc8 27. Qxc8 Bxc8 28.
Bxe5 Qxe5 29. a7 Bxf5 30. a8=Q Ne6 31. Qc6 b4 32. Ra8 g5 33. Rxf8+ Kxf8 34. e4
Bg6 35. Bxe6 fxe6 36. f3 b3 37. Rd8+ Kg7 38. Qb7+ Kh6 39. Qxb3 Qc5+ 40. Kh1 e5
41. Rd5 Qf2 42. Qd1 g4 43. Qd2+ Qxd2 44. Rxd2 Kg5 45. Kg1 Kf4 46. Kf2 gxf3 47.
gxf3 Bh5 48. Rd6 1-0

[Event "NRWEM 2013"]
[Site "?"]
[Date "2013.10.21"]
[Round "3.3"]
[White "Plaßmann, Dominik"]
[Black "Meinhardt, Michael"]
[Result "1/2-1/2"]
[WhiteElo "2050"]
[BlackElo "2124"]
[PlyCount "43"]
[EventDate "2013.??.??"]

1. e4 c6 2. d4 d5 3. f3 Qb6 4. Be3 e5 5. Ne2 dxe4 6. fxe4 Nf6 7. Nbc3 Bb4 8.
Qd3 Ng4 9. Bg1 exd4 10. Nxd4 Qa5 11. Nb3 Qg5 12. Qg3 Qe5 13. Qxe5+ Nxe5 14. Bd4
f6 15. a3 Bd6 16. Be2 Be6 17. Nc5 Bxc5 18. Bxc5 Nbd7 19. Bd6 Nc4 20. Bg3 O-O-O
21. O-O-O Nde5 22. b3 1/2-1/2

[Event "NRWEM 2013"]
[Site "?"]
[Date "2013.10.21"]
[Round "3.4"]
[White "Heinert, Eugen"]
[Black "Messarius, Jürgen"]
[Result "1/2-1/2"]
[WhiteElo "2161"]
[BlackElo "2196"]
[PlyCount "153"]
[EventDate "2013.??.??"]

1. d4 f5 2. g3 g6 3. Bg2 d6 4. Nf3 Nh6 5. h4 Nf7 6. h5 Bg7 7. c4 Nc6 8. hxg6
hxg6 9. Rxh8+ Bxh8 10. d5 Nce5 11. Nd4 Bd7 12. Qc2 Qc8 13. c5 dxc5 14. Qxc5 Nd6
15. Na3 b6 16. Qc2 Qa6 17. Ne6 Bxe6 18. dxe6 Rc8 19. Bc6+ Kd8 20. Bf4 Qa5+ 21.
Bd2 Qc5 22. Qxc5 bxc5 23. Bg2 Ng4 24. Rb1 Rb8 25. f3 Ne5 26. Bc3 Bf6 27. Rd1 c6
28. f4 Ng4 29. Bxc6 Kc7 30. Ba4 Rh8 31. Nb5+ Nxb5 32. Bxb5 Rh1+ 33. Kd2 Rxd1+
34. Kxd1 Kd6 35. Be8 g5 36. fxg5 Bxg5 37. b4 Ne3+ 38. Ke1 Nc2+ 39. Kd1 Nxb4 40.
Bxb4 cxb4 41. Bd7 Kd5 42. Kc2 Be3 43. Kb3 Bd2 44. a3 bxa3 45. Kxa3 Be1 46. Bc8
Bxg3 47. Ka4 Bf2 48. Kb5 Kd6 49. Ka6 Kc7 50. Bb7 Bb6 51. Bd5 Kd6 52. Bc4 Ke5
53. Ba2 f4 54. Bb3 Ke4 55. Ba2 Kd4 56. Bb3 Ke3 57. Bc4 Kd2 58. Kb5 Kc3 59. Bd5
Kd4 60. Bf3 Ke5 61. Bg4 Kf6 62. Ka6 Kg5 63. Bh3 Kh4 64. Bg2 Kg4 65. Kb5 Bf2 66.
Ka6 Kf5 67. Bh3+ Ke5 68. Bg4 Kd5 69. Bh3 Bd4 70. Bg4 Ke5 71. Bh3 Kf6 72. Bg4
Kg6 73. Bh3 Kg5 74. Bg2 Kg4 75. Be4 Kg3 76. Bf3 Kh4 77. Bg2 1/2-1/2

[Event "NRWEM 2013"]
[Site "?"]
[Date "2013.10.21"]
[Round "3.5"]
[White "Albrecht, Oliver"]
[Black "Kupinski, Mirko"]
[Result "1/2-1/2"]
[WhiteElo "2164"]
[BlackElo "1876"]
[PlyCount "95"]
[EventDate "2013.??.??"]

1. Nf3 Nf6 2. c4 c5 3. g3 Nc6 4. Bg2 g6 5. O-O Bg7 6. Nc3 O-O 7. d4 cxd4 8.
Nxd4 Nxd4 9. Qxd4 d6 10. Bg5 h6 11. Bd2 a6 12. Qd3 Qc7 13. Rac1 Bd7 14. b3 Rac8
15. Rfd1 Bc6 16. e4 Nd7 17. Be3 Nc5 18. Qb1 Kh7 19. Nd5 Bxd5 20. Rxd5 e6 21.
Rd2 Qe7 22. Rcd1 Rfd8 23. f4 e5 24. b4 Na4 25. Qb3 b5 26. cxb5 axb5 27. Rc2 Qb7
28. Rdc1 Nb6 29. Rxc8 Rxc8 30. Rxc8 Nxc8 31. a4 bxa4 32. Qxa4 exf4 33. gxf4 Qc7
34. b5 Qc3 35. Kf2 g5 36. fxg5 hxg5 37. Qa2 Kg6 38. Qd2 Qxd2+ 39. Bxd2 Bd4+ 40.
Be3 Bxe3+ 41. Kxe3 Nb6 42. Bh3 f6 43. Be6 Kg7 44. Kf3 Kf8 45. Kg4 Ke7 46. Kf5
Na4 47. Bd5 Nb6 48. Kg4 1/2-1/2

[Event "NRWEM 2013"]
[Site "?"]
[Date "2013.10.21"]
[Round "3.6"]
[White "Fenner, Martin"]
[Black "Braun, Oskar"]
[Result "0-1"]
[WhiteElo "1971"]
[BlackElo "1923"]
[PlyCount "60"]
[EventDate "2013.??.??"]

1. e4 e6 2. d4 d5 3. Nc3 Nf6 4. Bg5 Bb4 5. e5 h6 6. Be3 Ne4 7. Qg4 g6 8. a3
Bxc3+ 9. bxc3 c5 10. Bd3 h5 11. Qd1 Nxc3 12. Qd2 Ne4 13. Bxe4 dxe4 14. c3 Nc6
15. Ne2 Qa5 16. dxc5 Nxe5 17. Qd4 Nd3+ 18. Kf1 Rg8 19. c6 Qd5 20. cxb7 Bxb7 21.
Rb1 Bc6 22. Ng3 Qxd4 23. Bxd4 Ke7 24. Rg1 Rgb8 25. Ke2 e5 26. Be3 Nf4+ 27. Kd2
Rxb1 28. Bc5+ Ke6 29. Rxb1 Rd8+ 30. Ke1 Nd3+ 0-1

[Event "NRWEM 2013"]
[Site "?"]
[Date "2013.10.21"]
[Round "3.7"]
[White "Molinaroli, Martin"]
[Black "Ringwelski, Marius"]
[Result "1-0"]
[WhiteElo "2301"]
[BlackElo "2090"]
[PlyCount "81"]
[EventDate "2013.??.??"]

1. b3 e5 2. Bb2 Nc6 3. e3 Nf6 4. Bb5 Bd6 5. Na3 Na5 6. Be2 a6 7. c4 O-O 8. Nc2
Nc6 9. d3 Re8 10. Nf3 Bf8 11. e4 Bc5 12. O-O d6 13. h3 Ne7 14. b4 Ba7 15. Ne3
Ng6 16. Re1 c6 17. Bf1 Nf4 18. Kh2 h6 19. g3 Ng6 20. Qc2 d5 21. c5 Qc7 22. Nf5
d4 23. Nd6 Rf8 24. Nd2 Be6 25. N2c4 Ne8 26. Nf5 Qd7 27. h4 Bxf5 28. exf5 Qxf5
29. Qe2 Ne7 30. Bh3 Qh7 31. Nxe5 Nf6 32. Nc4 Ned5 33. Bxd4 Nxb4 34. Bxf6 gxf6
35. Nd6 Bxc5 36. Nf5 Nd5 37. Qc2 Ba7 38. Re4 Rfe8 39. Rae1 Rxe4 40. dxe4 Nc7
41. Qb2 1-0

[Event "NRWEM 2013"]
[Site "?"]
[Date "2013.10.21"]
[Round "3.8"]
[White "Brandt, Sebastian"]
[Black "Frombach, Ralf"]
[Result "0-1"]
[WhiteElo "2119"]
[BlackElo "2211"]
[PlyCount "96"]
[EventDate "2013.??.??"]

1. e4 c5 2. Nf3 Nc6 3. d4 cxd4 4. Nxd4 Nf6 5. Nc3 d6 6. Bg5 Bd7 7. Qd2 h6 8.
Bxf6 gxf6 9. O-O-O Nxd4 10. Qxd4 Qa5 11. f4 Rc8 12. Kb1 Qc5 13. Be2 Qxd4 14.
Rxd4 f5 15. e5 Bg7 16. Rhd1 Bc6 17. Nb5 a6 18. Na7 Rb8 19. Bxa6 dxe5 20. fxe5
Bxe5 21. R4d3 Bxg2 22. Bb5+ Kf8 23. Bc4 Be4 24. Rh3 Kg7 25. Rg1+ Kf6 26. Nb5
Rbd8 27. Nc3 Bxc3 28. Rxc3 Rd2 29. h3 Rg8 30. Rf1 Rgg2 31. Bd3 Bxd3 32. Rxd3
Rxd3 33. cxd3 Rg3 34. Kc2 Rxh3 35. Rf4 Rh2+ 36. Kc3 e5 37. Rb4 f4 38. Rb6+ Kg7
39. Rb5 Re2 40. Rb4 h5 41. d4 e4 42. d5 f3 43. d6 f2 44. d7 f1=Q 45. d8=Q Qc1+
46. Kb3 Rxb2+ 47. Ka4 Rxa2+ 48. Kb5 Qc6# 0-1

[Event "NRWEM 2013"]
[Site "?"]
[Date "2013.10.22"]
[Round "4.2"]
[White "Meinhardt, Michael"]
[Black "Probst, Andreas"]
[Result "1/2-1/2"]
[WhiteElo "2124"]
[BlackElo "2028"]
[PlyCount "41"]
[EventDate "2013.??.??"]

1. d4 Nf6 2. Nf3 g6 3. Nbd2 Bg7 4. e4 d6 5. Bd3 O-O 6. O-O Nbd7 7. c3 e5 8. Re1
Nh5 9. Bf1 Qe8 10. Nc4 Nb6 11. dxe5 dxe5 12. Ne3 Nf4 13. Nd5 Ne6 14. Ng5 Qd8
15. Nxb6 axb6 16. Qxd8 Rxd8 17. Bc4 Bf6 18. Nxe6 Bxe6 19. Bxe6 fxe6 20. Be3 Kf7
21. a3 1/2-1/2

[Event "NRWEM 2013"]
[Site "?"]
[Date "2013.10.22"]
[Round "4.3"]
[White "Braun, Oskar"]
[Black "Plaßmann, Dominik"]
[Result "0-1"]
[WhiteElo "1923"]
[BlackElo "2050"]
[PlyCount "82"]
[EventDate "2013.??.??"]

1. d4 Nf6 2. c4 g6 3. Nc3 d5 4. cxd5 Nxd5 5. e4 Nxc3 6. bxc3 Bg7 7. Nf3 c5 8.
Rb1 O-O 9. Be2 Nc6 10. d5 Bxc3+ 11. Bd2 Bxd2+ 12. Qxd2 Nb8 13. h4 Nd7 14. e5
Re8 15. h5 Nf8 16. hxg6 fxg6 17. Bb5 Bd7 18. Bc4 Bf5 19. Rb3 a6 20. Nh4 e6 21.
d6 b5 22. Nxf5 gxf5 23. Qh6 Ra7 24. Rg3+ Kh8 25. Rh5 bxc4 26. Rhg5 Ng6 27. Rxg6
Rb7 28. Rg7 Qa5+ 29. Ke2 Qxa2+ 30. Kf3 Rb3+ 31. Kf4 Qd2+ 32. Re3 Qxf2+ 33. Kg5
Qxe3+ 34. Kh5 Qe2+ 35. Kh4 Qe1+ 36. Kg5 Qg3+ 37. Kf6 Rf8+ 38. Rf7 Rxf7+ 39.
Kxe6 Qg8 40. d7 Rb6+ 41. Kd5 Rxh6 0-1

[Event "NRWEM 2013"]
[Site "?"]
[Date "2013.10.22"]
[Round "4.4"]
[White "Kusnetsov, Mark"]
[Black "Heinert, Eugen"]
[Result "1-0"]
[WhiteElo "2212"]
[BlackElo "2161"]
[PlyCount "89"]
[EventDate "2013.??.??"]

1. e4 e6 2. d4 d5 3. Nc3 Bb4 4. exd5 exd5 5. Bd3 Nc6 6. a3 Ba5 7. Nge2 Nge7 8.
b4 Bb6 9. Na4 Bxd4 10. Nxd4 Nxd4 11. Bb2 Ne6 12. O-O O-O 13. f4 f5 14. Qe2 b6
15. Rae1 Qd7 16. Nc3 c5 17. Bb5 Qc7 18. Qf3 a6 19. Nxd5 Nxd5 20. Bc4 Ndxf4 21.
Be5 Qa7 22. Bxf4 Re8 23. Bd5 Bd7 24. Bxa8 Qxa8 25. Qxa8 Rxa8 26. Bc1 g6 27. Rd1
Bb5 28. Rfe1 Nd4 29. Bb2 Nxc2 30. Re7 Nd4 31. Rde1 Rd8 32. Kf2 f4 33. Rd1 f3
34. gxf3 Bc6 35. Bxd4 cxd4 36. Re6 Bb5 37. Rxb6 d3 38. Rd2 Re8 39. a4 Bxa4 40.
Rxd3 Bb5 41. Re3 Ra8 42. Re7 Bd3 43. Ke3 Bf5 44. Kf4 h6 45. Rbb7 1-0

[Event "NRWEM 2013"]
[Site "?"]
[Date "2013.10.22"]
[Round "4.5"]
[White "Messarius, Jürgen"]
[Black "Albrecht, Oliver"]
[Result "1/2-1/2"]
[WhiteElo "2196"]
[BlackElo "2161"]
[PlyCount "67"]
[EventDate "2013.??.??"]

1. e4 c5 2. Nf3 d6 3. d4 cxd4 4. Nxd4 Nf6 5. Nc3 a6 6. Be2 e5 7. Nb3 Be6 8. O-O
Nbd7 9. a4 Be7 10. Be3 O-O 11. f3 Qc7 12. Nd5 Bxd5 13. exd5 Nb6 14. c4 Nxc4 15.
Rc1 b5 16. Bf2 Rfc8 17. Nd2 Qb7 18. Nxc4 bxc4 19. Bxc4 Qxb2 20. Qd3 Qb4 21.
Bxa6 Rxc1 22. Rxc1 Qxa4 23. Bb7 Rb8 24. Qc3 Qb5 25. Bc6 Qb3 26. Qa5 Bd8 27. Qa7
Rc8 28. Ra1 Rb8 29. h3 g6 30. Kh2 Kg7 31. Ra3 Qb2 32. Ra2 Qb3 33. Ra6 Rc8 34.
Ra3 1/2-1/2

[Event "NRWEM 2013"]
[Site "?"]
[Date "2013.10.22"]
[Round "4.6"]
[White "Kupinski, Mirko"]
[Black "Fenner, Martin"]
[Result "1/2-1/2"]
[WhiteElo "1876"]
[BlackElo "1971"]
[PlyCount "66"]
[EventDate "2013.??.??"]

1. d4 Nf6 2. Nf3 e6 3. c4 c5 4. Nc3 d5 5. e3 Nc6 6. a3 a6 7. dxc5 Bxc5 8. b4
Be7 9. Be2 dxc4 10. Qxd8+ Bxd8 11. Bxc4 b5 12. Be2 Bb7 13. Bb2 Bb6 14. O-O Ke7
15. Rfd1 Rhd8 16. Rac1 Rd7 17. Rxd7+ Nxd7 18. Rd1 Bc7 19. Rd2 f6 20. Bd3 Nce5
21. Nxe5 Nxe5 22. Be2 Bb6 23. Nd1 Rc8 24. Bxe5 fxe5 25. f3 e4 26. Kf2 Rc1 27.
fxe4 Ra1 28. Rd3 Bxe4 29. Rc3 Ra2 30. g3 Kd7 31. Ke1 Bc7 32. Nf2 Bc2 33. Nd3
Bxd3 1/2-1/2